| 000 | 00452cam a22001814a 4500 | ||
|---|---|---|---|
| 005 | 20250605164114.0 | ||
| 008 | 250528s ||||||||||||||||||||||||d | ||
| 035 | _a18013 | ||
| 040 |
_aGR-AtMCL _bgre _dGR-AtMCL _eAACR2 |
||
| 245 | 1 | _aΕΣΥ ΚΑΙ Η ΨΥΧΑΝΑΛΥΣΗ | |
| 250 | _a1 | ||
| 260 |
_bΤαμασος, _c1979 |
||
| 300 | _a133 | ||
| 700 | 1 |
_aΕυδοκας Τακης _94329 |
|
| 942 | _cBK | ||
| 999 |
_c3405 _d3405 |
||